000 00624nam a2200217Ia 4500
003 OSt
005 20220926045454.0
006 a|||||r|||| 00| 0
007 ta
008 220923b |||||||| |||| 00| 0 eng d
037 _cGeneral Book
040 _aRTL
_cRTL
_beng
041 _2eng
_aeng
082 _aX9(J):8F.243r, M9/GD
110 _aPunjab, Economic and statistics organization.
_9350243
245 0 _aFarm accounts in Punjab.
260 _c1989
700 _aPunjab, Economic and statistics organization.
_9350244
942 _hX9(J):8F.243r, M9/GD
_cGB
_2CC
999 _c677698
_d677698